[Event "AUTO-OPEN-1661"]
[Site "http://www.queenalice.com/game.php?id=638200"]
[Date "2009.8.17"]
[Round "1"]
[White "chesspool"]
[Black "BingBang"]
[Result "0-1"]
[WhiteElo "1688"]
[BlackElo "1943"]

1. d4 Nf6 2. c4 c6 3. Nc3 d5 4. Nf3 dxc4 5. e3 b5 6. Be2 e6 7. O-O Be7 8. e4 O-O
9. e5 Nd5 10. Nxd5 Qxd5 11. Bg5 Bxg5 12. Nxg5 f6 13. Bf3 Qd7 14. Ne4 fxe5 15.
dxe5 Qc7 16. Nd6 a6 17. Bg4 Bd7 18. Qc2 Rf4 19. Qd2 Rxg4 20. h3 Rg6 21. f4 Rg3
0-1

[Event "AUTO-OPEN-1661"]
[Site "http://www.queenalice.com/game.php?id=638201"]
[Date "2009.8.17"]
[Round "1"]
[White "BingBang"]
[Black "chesspool"]
[Result "1-0"]
[WhiteElo "1951"]
[BlackElo "1674"]

1. c4 Nf6 2. Nf3 e6 3. d4 d5 4. Nc3 Bb4 5. Bg5 O-O 6. Qc2 c5 7. e3 Nc6 8. Be2
Re8 9. a3 Bxc3+ 10. bxc3 cxd4 11. cxd4 b6 12. O-O Ba6 13. Rfe1 h6 14. Bh4 Rc8
15. Qa4 Bxc4 16. Bxc4 dxc4 17. Qxc4 g5 18. Bg3 Ne5 19. Qe2 Nxf3+ 20. Qxf3 Qe7
21. Be5 Rc3 22. Qxf6 1-0

[Event "AUTO-OPEN-1661"]
[Site "http://www.queenalice.com/game.php?id=638216"]
[Date "2009.8.17"]
[Round "1"]
[White "levi"]
[Black "BingBang"]
[Result "1-0"]
[WhiteElo "2362"]
[BlackElo "1941"]

1. e4 c5 2. Nc3 Nc6 3. Nge2 g6 4. d4 cxd4 5. Nxd4 Bg7 6. Be3 Nf6 7. Nxc6 bxc6 8.
e5 Ng8 9. Bd4 e6 10. Ne4 Bf8 11. Bc3 a5 12. Nd6+ Bxd6 13. exd6 f6 14. Bc4 Kf7
15. Qd2 Qb6 16. O-O Rb8 17. Rfe1 Ba6 18. Bxa5 Qa7 19. Bb3 h5 20. Bc7 Nh6 21.
Bxb8 Qxb8 22. Qa5 Bc8 23. Rad1 Re8 24. a4 Qb7 25. Qc7 Qxc7 26. dxc7 d5 27. c4
Re7 28. cxd5 exd5 29. Rc1 Nf5 30. Red1 1-0

[Event "AUTO-OPEN-1661"]
[Site "http://www.queenalice.com/game.php?id=638217"]
[Date "2009.8.17"]
[Round "1"]
[White "BingBang"]
[Black "levi"]
[Result "0-1"]
[WhiteElo "2016"]
[BlackElo "2335"]

1. e4 e5 2. Nf3 Nc6 3. Bb5 Nf6 4. O-O Nxe4 5. d4 Nd6 6. Bxc6 dxc6 7. dxe5 Nf5 8.
Qxd8+ Kxd8 9. Nc3 h6 10. Rd1+ Ke8 11. h3 Be7 12. b3 Be6 13. g4 Nh4 14. Nxh4 Bxh4
15. f4 f5 16. gxf5 Bxf5 17. Rd2 Be1 0-1

[Event "Let's Play Chess!"]
[Site "http://www.queenalice.com/game.php?id=647971"]
[Date "2009.9.6"]
[Round "-"]
[White "BingBang"]
[Black "Abstro"]
[Result "1-0"]
[WhiteElo "1991"]
[BlackElo "1913"]

1. e4 e5 2. Nf3 Nc6 3. Bb5 a6 4. Ba4 Nf6 5. O-O d6 6. Re1 b5 7. Bb3 h6 8. c3 Be7
9. h3 Be6 10. Bc2 d5 11. d3 d4 12. Nbd2 O-O 13. Nf1 b4 14. Bd2 Nh7 15. c4 Ng5
16. Nxg5 Bxg5 17. Bxg5 Qxg5 18. Ng3 Bd7 19. Qf3 f5 20. exf5 e4 21. Qxe4 Ne7 22.
Qxe7 1-0

[Event "Challenge"]
[Site "http://www.queenalice.com/game.php?id=655492"]
[Date "2009.9.20"]
[Round "-"]
[White "BingBang"]
[Black "thedead"]
[Result "0-1"]
[WhiteElo "1939"]
[BlackElo "1578"]

1. e4 e5 2. Nf3 Nc6 3. d4 exd4 4. Bc4 Be7 5. Nxd4 Ne5 6. Bb3 Nf6 7. Nf5 O-O 8.
Nxe7+ Qxe7 9. Nc3 d6 10. Bg5 Be6 11. Nd5 Bxd5 12. Bxd5 c6 13. Bb3 h6 14. Bxf6
Qxf6 15. Qe2 Rfe8 16. c3 d5 17. Bc2 Nd7 18. Rd1 Nc5 19. f3 Re7 20. O-O dxe4 21.
Bxe4 Qe6 22. b3 f5 23. b4 Nxe4 0-1

[Event "Let's Play Chess!"]
[Site "http://www.queenalice.com/game.php?id=1070102"]
[Date "2012.6.9"]
[Round "-"]
[White "Dinhobergha"]
[Black "BingBang"]
[Result "1-0"]
[WhiteElo "1616"]
[BlackElo "1781"]

1. e4 Nc6 2. Nc3 e5 3. Nd5 Nb4 4. Nxb4 Bxb4 5. c3 Be7 6. Nf3 d6 7. h3 Nf6 8. d3
O-O 9. Be2 Bd7 10. O-O Qc8 11. Nd2 b5 12. b4 a6 13. Nb3 1-0

[Event "Let's Play Chess!"]
[Site "http://www.queenalice.com/game.php?id=1070188"]
[Date "2012.6.9"]
[Round "-"]
[White "Zorro64"]
[Black "BingBang"]
[Result "1-0"]
[WhiteElo "2146"]
[BlackElo "1806"]

1. e4 e5 2. Nf3 Nf6 3. Nxe5 d6 4. Nf3 Nxe4 5. Bc4 d5 6. Bb3 Be7 7. O-O O-O 8. d4
c6 9. c4 Be6 10. cxd5 Bxd5 11. Nc3 Nxc3 12. bxc3 b5 13. Be3 a5 14. a4 Bf6 15.
Ne5 Re8 16. f4 Bxe5 17. fxe5 Qd7 18. Bc2 g6 19. Bd3 Bc4 20. Bxc4 bxc4 21. Qf3
Na6 22. Bh6 Re6 23. Rab1 Ra7 24. Rb6 Nc7 25. Rfb1 Nd5 26. Rb8+ Re8 27. Qf1 Ra8
28. R8b7 Qe6 29. Qxc4 Rec8 30. Qc5 Ne7 31. Rxe7 Qa2 32. Rf1 Rab8 33. c4 Rb2 34.
Qxc6 1-0

[Event "Let's Play Chess!"]
[Site "http://www.queenalice.com/game.php?id=1070189"]
[Date "2012.6.9"]
[Round "-"]
[White "BingBang"]
[Black "Zorro64"]
[Result "0-1"]
[WhiteElo "1812"]
[BlackElo "2105"]

1. c4 e5 2. Nc3 Nc6 3. Nf3 Nf6 4. e3 Be7 5. a3 O-O 6. b4 d6 7. Qc2 Bg4 8. Bb2
Nb8 9. Bd3 c6 10. Ne4 Nxe4 11. Bxe4 f5 12. h3 Bxf3 13. Bxf3 e4 14. Bh5 Na6 15.
Bd4 Bf6 16. O-O Bxd4 17. exd4 Nc7 18. d3 d5 19. Rac1 Ne6 20. dxe4 dxe4 21. Rfd1
Nf4 22. Be2 Qg5 23. Bf1 Nxh3+ 24. Kh1 Nf4 25. Qd2 Rf6 26. Kg1 Rh6 27. g3 Qh5 0-1

[Event "Let's Play Chess!"]
[Site "http://www.queenalice.com/game.php?id=1070207"]
[Date "2012.6.9"]
[Round "-"]
[White "BingBang"]
[Black "FerreiraAzevedo"]
[Result "0-1"]
[WhiteElo "1808"]
[BlackElo "2668"]

1. d4 Nf6 2. c4 c5 3. d5 d6 4. Nc3 Bf5 5. f3 g6 6. e4 Bc8 7. f4 Bg7 8. Be2 O-O
9. Nf3 Bg4 10. O-O Nbd7 11. Be3 Qa5 12. Qd3 Rab8 13. h3 Bxf3 14. Bxf3 Ne8 0-1

[Event "AUTO-ADV-2530"]
[Site "http://www.queenalice.com/game.php?id=1070705"]
[Date "2012.6.11"]
[Round "1"]
[White "BingBang"]
[Black "Aborigen"]
[Result "0-1"]
[WhiteElo "1758"]
[BlackElo "1979"]

1. e4 e5 2. Nf3 Nf6 3. Nxe5 Qe7 4. Nf3 Qxe4+ 5. Be2 Bc5 6. O-O O-O 7. Nc3 Qe8 8.
Na4 Bb6 9. Nxb6 axb6 10. b3 d6 0-1

[Event "AUTO-ADV-2530"]
[Site "http://www.queenalice.com/game.php?id=1070718"]
[Date "2012.6.11"]
[Round "1"]
[White "kilmison"]
[Black "BingBang"]
[Result "1-0"]
[WhiteElo "2021"]
[BlackElo "1739"]

1. e4 c5 2. Nf3 e6 3. d4 cxd4 4. Nxd4 a6 5. a3 Nf6 6. Nc3 Qc7 7. Be3 b5 8. Qf3
Bb7 9. Bd3 Bd6 10. O-O Bxh2+ 11. Kh1 Be5 12. Nce2 O-O 13. a4 b4 14. Rfb1 Nc6 15.
Nxc6 Qxc6 16. Ng3 Bxg3 17. Qxg3 Nxe4 18. Qh4 f5 19. f3 Nf6 20. a5 d5 21. Qxb4
1-0

[Event "AUTO-ADV-2530"]
[Site "http://www.queenalice.com/game.php?id=1070719"]
[Date "2012.6.11"]
[Round "1"]
[White "BingBang"]
[Black "kilmison"]
[Result "0-1"]
[WhiteElo "1744"]
[BlackElo "2016"]

1. d4 d5 2. c4 Nf6 3. cxd5 Nxd5 4. e4 Nf6 5. Nc3 e6 6. Nf3 Bb4 7. Bd3 Nc6 8. a3
Be7 9. O-O O-O 10. Bc2 h6 11. Re1 Na5 12. Qd3 c5 13. dxc5 Qxd3 14. Bxd3 Nb3 15.
Rb1 Nd7 16. Na4 Ndxc5 17. Nxc5 Nxc5 0-1